Entry Nombre personal
001 - NÚMERO DE CONTROL
- campo de control: 81548
003 - IDENTIFICADOR DE NÚMERO DE CONTROL
- campo de control: SpMaBN
005 - FECHA Y HORA DE LA ÚLTIMA TRANSACCIÓN
- campo de control: 20240207193949.0
008 - ELEMENTOS DE DATO DE LONGITUD-FIJA
- campo de control de longitud fija: 930725nn ainnnaabn a aaa
010 ## - NÚMERO DE CONTROL DE LA BIBLIOTECA DEL CONGRESO
- Número de control de LC: XX1368142
016 ## - NÚMERO DE CONTROL DE UNA AGENCIA BIBLIOGRÁFICA NACIONAL
- Número de control del registro: BNE19997101560
024 7# - IDENTIFICADOR DE OTROS ESTÁNDARES
- Número estándar o código: https://isni.org/isni/0000000078885188
- Fuente: isni
024 7# - IDENTIFICADOR DE OTROS ESTÁNDARES
- Número estándar o código: http://viaf.org/viaf/102510109/
- Fuente: viaf
040 ## - FUENTE DE CATALOGACIÓN
- Centro catalogador/agencia de origen: SpMaBN
- Lengua de catalogación: spa
- Centro/agencia transcriptor: SpMaBN
- Normas de descripción: rdc
- Convención/Normas de encabezamiento de materia/tesauro: embne
046 ## - FECHAS CON CODIFICACIÓN ESPECIAL
- Fecha de nacimiento: 1942
100 1# - ENCABEZAMIENTO-NOMBRE DE PERSONA
- Nombre de persona: Miranda de Larra, Jesús,
- Fechas asociadas al nombre: 1942-
375 ## - GÉNERO/SEXO
- Género: Masculino
400 1# - TRAZADO DE VÉASE--NOMBRE DE PERSONA
- Nombre de persona: Miranda de Larra y de Onís, Jesús,
- Fechas asociadas al nombre: 1942-
670 ## - FUENTE DE DATOS ENCONTRADOS
- Cita de la fuente: ¡Cosas de España!, 2016
- Información encontrada: port. (edición de Jesús Miranda de Larra) p. 7 (descendiente y biógrafo de Larra)
670 ## - FUENTE DE DATOS ENCONTRADOS
- Cita de la fuente: WWW Biblioteca Virtual Miguel de Cervantes, 3-3-2016
- Información encontrada: (Jesús Miranda de Larra y de Onís; n. 25 de marzo de 1942, Madrid; Ingeniero Agrónomo)
- Identificador Uniforme de Recursos: http://bib.cervantesvirtual.com/bib_autor/larra/archivo/descri pcion.shtml
